000 00801nam a22002537a 4500
999 _c12539
_d12539
003 AR-CdUCM
008 190409b ||||| |||| 00| 0 spa d
020 _a0-582-79754-3
040 _aMUNICIPALIDAD PROVINCIAL DEL CUSCO
_cBIBLIOTECA MUNICIPAL DEL CUSCO
041 _heng
082 _aES / 428 /
_bL94
100 _aLozano, Francisco
_930417
245 _aLife Styles :
_bStudent's Book 2 /
260 _aNew York :
_bLongman Group UK Limited,
_c1988.
300 _a121 paginas ;
_bIlustraciones, Graficos, Dibujos,
_c25 cm.
500 _aTexto educativo Cuaderno de trabajo
650 _aTexto educativo
_925832
650 _aLiteratura
_983
650 _aHistoria
_9136
650 _aIngles
_97365
700 _aSturtevant, Jane
_930418
942 _2ddc
_cLIBROS
945 _apjha
_d2019-04-09